000 00276nam a2200109Ia 4500
008 220204s9999 xx 000 0 und d
082 _a547.57
_bWAR
100 _aWarren, Stuart
245 0 _aChemistry of the carbonyle group
260 _aLondon
_bJohn Wiley
_c1974
942 _cBK
999 _c23631
_d23631